000 00893 a2200229 4500
005 20260402155815.0
008 260402b |||||||| |||| 00| 0 eng d
020 _a9789385450945 (hbk)
037 _cTB
040 _aCRL
_cCRL
041 _2hin
_ahin
084 _aO152,1K15:g R4
_qCRL
100 _aशुक्ल, रामदेव
_9861878
245 _aघनानन्द का शृंगार काव्य
260 _aदिल्ली, भारत:
_bअनन्य प्रकाशन,
_c2024.
300 _a136पृ.
365 _b275.00
_cINR
650 _aहिन्दी कविता
650 _aहिन्दी साहित्य
942 _cTB
_2CC
_hO152,1K15:g R4
999 _c1466888
_d1466888